{"text_format":"3","workbook":"xlsx","n_sheets":1,"sheets":["Право"],"read":"whole","date_system":"1900"}

{"sheet":"Право","index":0,"n_rows":44,"n_cols":20,"rows_kept":44}
["№","Код участника","Название ОУ","СНИЛС","Фамилия","Имя","Отчество","Пол","Дата рождения","Участник с ОВЗ","Класс","Класс участия","Балл","Добавлено баллов по итогам апелляции","Итоговый балл","Макс. балл","Статус","Призер РЭ прошлого года","Учитель","Место работы учителя"]
[1,"454010_15572513670_41","муниципальное бюджетное общеобразовательное учреждение \"Мичанская основная общеобразовательная школа Сабинского муниципального района Республики Татарстан\"","155-725-136 70","Ситдиков","Салават","Айратович","м","07.08.2009","нет",7,7,67," ",67,100,"участник","нет","Ибрагимова Миляуша Гафуровна","муниципальное бюджетное общеобразовательное учреждение \"Мичанская основная общеобразовательная школа Сабинского муниципального района Республики Татарстан\""]
[2,"452012_16192994200_41","муниципальное бюджетное общеобразовательное учреждение \"Лесхозская  средняя общеобразовательная школа Сабинского муниципального района Республики Татарстан\"","161-929-942 00","Юртеева ","Полина","Владимировна","ж","22.05.2010","нет",7,7,46," ",46,100,"участник","нет","Мухарлямова Чулпан Хатиповна","муниципальное бюджетное общеобразовательное учреждение \"Лесхозская  средняя общеобразовательная школа Сабинского муниципального района Республики Татарстан\""]
[3,"454006_5417659377_41","муниципальное бюджетное общеобразовательное учреждение \"Юлбатская основная общеобразовательная школа Сабинского муниципального района Республики Татарстан\"","154-176-593 77","Фаляхиева","Миляуша","Фанилевна","ж","05.03.2009","нет",8,8,38," ",38,100,"участник","нет","Хасанов Минсур Мавлявиевич","муниципальное бюджетное общеобразовательное учреждение \"Юлбатская основная общеобразовательная школа Сабинского муниципального района Республики Татарстан\""]
[4,"454017_15687468830_41","муниципальное бюджетное общеобразовательное учреждение \"Изминская средняя общеобразовательная школа Сабинского муниципального района Республики Татарстан\"",15687468830,"Садиков","Ильназ","Ирекович","м","2009-10-24","нет",8,8,16,null,16,100,"участник","нет","Суляйманова Наиля Мансуровна","муниципальное бюджетное общеобразовательное учреждение \"Изминская средняя общеобразовательная школа Сабинского муниципального района Республики Татарстан\""]
[5,"452003_16042127418_41","муниципальное бюджетное общеобразовательное учреждение \"Шеморданский лицей \"Рост\" Сабинского муниципального района Республики Татарстан\"",16042127418,"Хазиев","Самат","Равилевич","м","18.12.2008","нет",8,8,59," ",59,100,"участник","нет","Емельянова Ляйсан Мазитовна","муниципальное бюджетное общеобразовательное учреждение \"Шеморданский лицей \"Рост\" Сабинского муниципального района Республики Татарстан\""]
[6,"452003_16155825874_41","Муниципальное бюджетное общеобразовательное учреждение \"Шеморданский лицей \"Рост\" Сабинского муниципального района Республики Татарстан\"",16155825874,"Степанов","Рамин","Андреевич","м","08.10.2008","нет",8,8,81," ",81,100,"участник","нет","Емельянова Ляйсан Мазитовна","Муниципальное бюджетное общеобразовательное учреждение \"Шеморданский лицей \"Рост\" Сабинского муниципального района Республики Татарстан\""]
[7,"451001_15694676525_41","муниципальное бюджетное общеобразовательное учреждение \"Гимназия п.г.т. Богатые Сабы Сабинского муниципального района Республики Татарстан\"",15694676525,"Мубаракова","Адиля","Ришатовна","ж","29.08.2009","нет",8,8,93," ",93,100,"победитель","нет","Ахтямзянов Айнур Рамазанович","муниципальное бюджетное общеобразовательное учреждение \"Гимназия п.г.т. Богатые Сабы Сабинского муниципального района Республики Татарстан\""]
[8,"451001_15801165344_41","муниципальное бюджетное общеобразовательное учреждение \"Гимназия п.г.т. Богатые Сабы Сабинского муниципального района Республики Татарстан\"",15801165344,"Халимова","Илиза","Ильнуровна","ж","25.06.2009","нет",8,8,87," ",87,100,"призер","нет","Ахтямзянов Айнур Рамазанович","муниципальное бюджетное общеобразовательное учреждение \"Гимназия п.г.т. Богатые Сабы Сабинского муниципального района Республики Татарстан\""]
[9,"454023_15716903176_41","муниципальное бюджетное общеобразовательное учреждение \"Сабабашская основная общеобразовательная школа Сабинского муниципального района Республики Татарстан\"",15716903176,"Гайнутдинова","Алина","Айратовна","ж","14.12.2009","нет",8,8,16," ",16,100,"участник","нет","Исмагилова Рания Равильовна","муниципальное бюджетное общеобразовательное учреждение \"Сабабашская основная общеобразовательная школа Сабинского муниципального района Республики Татарстан\""]
[10,"454015_15494650190_41","Муниципальное бюджетное общеобразовательное учреждение \"Иштуганская  средняя общеобразовательная школа Сабинского муниципального района Республики Татарстан\"",15494650190,"Устун","Замир","Владиславович","м","15.06.2009","нет",8,8,22," ",22,100,"участник","нет","Мусина Эльвира Муллахтямовна","Муниципальное бюджетное общеобразовательное учреждение \"Иштуганская  средняя общеобразовательная школа Сабинского муниципального района Республики Татарстан\""]
[11,"451002_15603146033_41","Муниципальное бюджетное общеобразовательное учреждение «Средняя общеобразовательная школа-интернат с углубленным изучением отдельных предметов для одаренных детей»  Сабинского муниципального района Республики Татарстан",15603146033,"Галимзянова","Алия","Ниязовна","ж","14.09.2009","нет",8,8,81," ",81,100,"участник","нет","Гумерова Раушания Рифмировна"," Муниципальное бюджетное общеобразовательное учреждение «Средняя общеобразовательная школа-интернат с углубленным изучением отдельных предметов для одаренных детей»  Сабинского муниципального района Республики Татарстан"]
[12,"451002_15643420455_41","муниципальное бюджетное общеобразовательное учреждение «Средняя общеобразовательная школа-интернат с углубленным изучением отдельных предметов для одаренных детей»  Сабинского муниципального района Республики Татарстан",15643420455,"Нуруллина","Назлыгуль","Ильнаровна","ж","09.10.2009","нет",8,8,93," ",93,100,"победитель","нет","Гумерова Раушания Рифмировна"," муниципальное бюджетное общеобразовательное учреждение «Средняя общеобразовательная школа-интернат с углубленным изучением отдельных предметов для одаренных детей»  Сабинского муниципального района Республики Татарстан"]
[13,"451002_15503540333_41","муниципальное бюджетное общеобразовательное учреждение «Средняя общеобразовательная школа-интернат с углубленным изучением отдельных предметов для одаренных детей»  Сабинского муниципального района Республики Татарстан",15503540333,"Валимухаметова","Лялягуль ","Рамилевна","ж","22.12.2008","нет",8,8,84," ",84,100,"призер","нет","Гумерова Раушания Рифмировна"," муниципальное бюджетное общеобразовательное учреждение «Средняя общеобразовательная школа-интернат с углубленным изучением отдельных предметов для одаренных детей»  Сабинского муниципального района Республики Татарстан"]
[14,"451002_15706864489_41","муниципальное бюджетное общеобразовательное учреждение «Средняя общеобразовательная школа-интернат с углубленным изучением отдельных предметов для одаренных детей»  Сабинского муниципального района Республики Татарстан",15706864489,"Гатауллина ","Гульфия","Ильгизаровна","ж","02.01.2009","нет",8,8,35," ",35,100,"участник","нет","Гумерова Раушания Рифмировна"," муниципальное бюджетное общеобразовательное учреждение «Средняя общеобразовательная школа-интернат с углубленным изучением отдельных предметов для одаренных детей»  Сабинского муниципального района Республики Татарстан"]
[15," 454004_15673791710_41","муниципальное бюджетное общеобразовательное учреждение \"Евлаштауская   средняя общеобразовательная школа Сабинского муниципального района Республики Татарстан\"",15673791710,"Шамилов","Ильмир","Рустемович","м"," 24.01.2009","нет",8,8,33," ",33,100,"участник","нет","Хасанов Минсур Мавлявиевич","муниципальное бюджетное общеобразовательное учреждение \"Евлаштауская  средняя общеобразовательная школа  Сабинского муниципального района Республики Татарстан\""]
[16,"454008_15690914394_41","муниципальное бюджетное общеобразовательное учреждение \"Тимершикская  средняя общеобразовательная школа Сабинского муниципального района Республики Татарстан\"",15690914394,"Зарипова","Ильзия","Ильфировна","ж","09.09.2009","нет",8,8,23," ",23,100,"участник","нет","Зарипова Зульфия Фидаиловна","муниципальное бюджетное общеобразовательное учреждение \"Тимершикская  средняя общеобразовательная школа Сабинского муниципального района Республики Татарстан\""]
[17,"454006_15652537275_41","муниципальное бюджетное общеобразовательное учреждение \"Юлбатская основная общеобразовательная школа Сабинского муниципального района Республики Татарстан\"","156-525-372 75","Шамсиева","Талия","Талиповна","ж","30.05.2008","нет",9,9,64," ",64,100,"участник","да","Хасанов Минсур Мавлявиевич","муниципальное бюджетное общеобразовательное учреждение \"Юлбатская основная общеобразовательная школа Сабинского муниципального района Республики Татарстан\""]
[18,"451001_15815366582_41","муниципальное бюджетное общеобразовательное учреждение \"Гимназия п.г.т. Богатые Сабы Сабинского муниципального района Республики Татарстан\"",15815366582,"Камолов","Камол","Баходурович","м","13.12.2008","нет",9,9,56," ",56,100,"участник","нет","Фазылова Гульнара Завдатовна","муниципальное бюджетное общеобразовательное учреждение \"Гимназия п.г.т. Богатые Сабы Сабинского муниципального района Республики Татарстан\""]
[19,"454023_15664776006_41","муниципальное бюджетное общеобразовательное учреждение \"Сабабашская основная общеобразовательная школа Сабинского муниципального района Республики Татарстан\"",15664776006,"Гарипова","Ралина","Равилевна","ж","27.03.2008","нет",9,9,18," ",18,100,"участник","нет","Исмагилова Рания Равильовна","муниципальное бюджетное общеобразовательное учреждение \"Сабабашская основная общеобразовательная школа Сабинского муниципального района Республики Татарстан\""]
[20,"454019_15301189323_41","Муниципальное бюджетное общеобразовательное учреждение \"Верхнесиметская  средняя общеобразовательная школа Сабинского муниципального района Республики Татарстан\"",15301189323,"Низамиев","Рияз","Расимович","м","24.01.2008","нет",9,9,22," ",22,100,"участник","нет","Осипова Ангелина Алексеевна","муниципальное бюджетное общеобразовательное учреждение \"Верхнесиметская  средняя общеобразовательная школа Сабинского муниципального района Республики Татарстан\""]
[21,"454021_15960375494_41","Муниципальное бюджетное общеобразовательное учреждение \"Большешинарская средняя общеобразовательная школа имени А.А.Ахунзянова Сабинского муниципального района Республики Татарстан\"",15960375494,"Маслахова","Миляуша","Мигразовна","ж","30.10.2008","нет",9,9,29," ",29,100,"участник","нет","Нурмухаметова Разиля Ралифовна","муниципальное бюджетное общеобразовательное учреждение \"Большешинарская средняя общеобразовательная школа имени А.А.Ахунзянова Сабинского муниципального района Республики Татарстан\""]
[22,"454014_15716113551_41","муниципальное бюджетное общеобразовательное учреждение \"Кильдебякская средняя общеобразовательная школа Сабинского муниципального района Республики Татарстан\"","157-161-135 51","Мавлетова","Руфина","Ильдаровна","ж","16.01.2008","нет",9,9,80," ",80,100,"призер","нет","Абдуллина Лейсан Миннемехаматовна","муниципальное бюджетное общеобразовательное учреждение \"Кильдебякская средняя общеобразовательная школа Сабинского муниципального района Республики Татарстан\""]
[23,"451002_15603239040_41","муниципальное бюджетное общеобразовательное учреждение «Средняя общеобразовательная школа-интернат с углубленным изучением отдельных предметов для одаренных детей»  Сабинского муниципального района Республики Татарстан",15603239040,"Галимзянов","Ильяс ","Ниязович","м","27.12.2007","нет",9,9,88," ",88,100,"призер","нет","Гумерова Раушания Рифмировна"," муниципальное бюджетное общеобразовательное учреждение «Средняя общеобразовательная школа-интернат с углубленным изучением отдельных предметов для одаренных детей»  Сабинского муниципального района Республики Татарстан"]
[24,"451002_15799646043_41","муниципальное бюджетное общеобразовательное учреждение «Средняя общеобразовательная школа-интернат с углубленным изучением отдельных предметов для одаренных детей»  Сабинского муниципального района Республики Татарстан",15799646043,"Мингазова","Дина ","Айнуровна","ж","30.01.2008","нет",9,9,93," ",93,100,"победитель","да","Гумерова Раушания Рифмировна"," муниципальное бюджетное общеобразовательное учреждение «Средняя общеобразовательная школа-интернат с углубленным изучением отдельных предметов для одаренных детей»  Сабинского муниципального района Республики Татарстан"]
[25,"451024_15836092992_41","муниципальное бюджетное общеобразовательное учреждение Сабинская  средняя общеобразовательная школа Сабинского муниципального района Республики Татарстан\"",15836092992,"Газизянова","Камиля","Рустемовна","ж","2007-12-30","нет",9,9,80," ",80,100,"призер","нет","Юсупова Ризаля Зуфаровна","муниципальное бюджетное общеобразовательное учреждение Сабинская  средняя общеобразовательная школа Сабинского муниципального района Республики Татарстан\""]
[26,"452003_16072958681_41","муниципальное бюджетное общеобразовательное учреждение \"Шеморданский лицей \"Рост\" Сабинского муниципального района Республики Татарстан\"",16072958681,"Маметова","Асия","Азатовна","ж","04.01.2007","нет",10,10,88,null,88,100,"призер","да","Емельянова Ляйсан Мазитовна","муниципальное бюджетное общеобразовательное учреждение \"Шеморданский лицей \"Рост\" Сабинского муниципального района Республики Татарстан\""]
[27,"452003_16056573164_41","муниципальное бюджетное общеобразовательное учреждение \"Шеморданский лицей \"Рост\" Сабинского муниципального района Республики Татарстан\"",16056573164,"Шайхов","Амир","Расимович","м","06.03.2007","нет",10,10,68,null,68,100,"участник","да","Емельянова Ляйсан Мазитовна","муниципальное бюджетное общеобразовательное учреждение \"Шеморданский лицей \"Рост\" Сабинского муниципального района Республики Татарстан\""]
[28,"451001_15947057503_41","муниципальное бюджетное общеобразовательное учреждение \"Гимназия п.г.т. Богатые Сабы Сабинского муниципального района Республики Татарстан\"",15947057503,"Гайнутдинова","Диана","Артуровна","ж","02.12.2006","нет",10,10,19," ",19,100,"участник","нет","Хазиева Нурия Гаязовна","муниципальное бюджетное общеобразовательное учреждение \"Гимназия п.г.т. Богатые Сабы Сабинского муниципального района Республики Татарстан\""]
[29,"451001_15826656300_41","муниципальное бюджетное общеобразовательное учреждение \"Гимназия п.г.т. Богатые Сабы Сабинского муниципального района Республики Татарстан\"",15826656300,"Гаффаров","Рим","Рустемович","м","20.03.2007","нет",10,10,35," ",35,100,"участник","нет","Хазиева Нурия Гаязовна","муниципальное бюджетное общеобразовательное учреждение \"Гимназия п.г.т. Богатые Сабы Сабинского муниципального района Республики Татарстан\""]
[30,"454019_16006298946_41","муниципальное бюджетное общеобразовательное учреждение \"Верхнесиметская  средняя общеобразовательная школа Сабинского муниципального района Республики Татарстан\"",16006298946,"Хассамова","Иркя","Ирековна","ж","02.05.2007","нет",10,10,32," ",32,100,"участник","нет","Осипова Ангелина Алексеевна","муниципальное бюджетное общеобразовательное учреждение \"Верхнесиметская  средняя общеобразовательная школа Сабинского муниципального района Республики Татарстан\""]
[31,"454014_15827700483_41","муниципальное бюджетное общеобразовательное учреждение \"Кильдебякская средняя общеобразовательная школа Сабинского муниципального района Республики Татарстан\"","158-277-004 83","Халимов","Ильдан","Идеалович","м","04.12.2006","нет",10,10,48," ",48,100,"участник","нет","Абдуллина Лейсан Миннемехаматовна","муниципальное бюджетное общеобразовательное учреждение \"Кильдебякская средняя общеобразовательная школа Сабинского муниципального района Республики Татарстан\""]
[32," 454009_15569939935_41"," муниципальное бюджетное общеобразовательное учреждение «Сатышевская средняя общеобразовательная школа Сабинского муниципального района Республики Татарстан им. Ш.З.Зиннурова»"," 15569939935"," Сабиров"," Булат"," Маратович","м"," 23.02.2007","нет",10,10,59," ",59,100,"участник","нет"," Ахтямзянов Айнур Рамазанович"," муниципальное бюджетное общеобразовательное учреждение «Сатышевская средняя общеобразовательная школа Сабинского муниципального района Республики Татарстан им. Ш.З.Зиннурова»"]
[33,"454017_15912119355_41","муниципальное бюджетное общеобразовательное учреждение \"Изминская средняя общеобразовательная школа Сабинского муниципального района Республики Татарстан\"",15912119355,"Сагитов","Рустем","Раилевич","м","2007-07-02","нет",10,10,58," ",58,100,"участник","нет","Суляйманова Наиля Мансуровна","муниципальное бюджетное общеобразовательное учреждение \"Изминская средняя общеобразовательная школа Сабинского муниципального района Республики Татарстан\""]
[34,"451002_15354595884_41","муниципальное бюджетное общеобразовательное учреждение «Средняя общеобразовательная школа-интернат с углубленным изучением отдельных предметов для одаренных детей»  Сабинского муниципального района Республики Татарстан",15354595884,"Ибушева","Эльвина","Витальевна","ж","25.07.2007","нет",10,10,77," ",77,100,"призер","да","Гумерова Раушания Рифмировна"," муниципальное бюджетное общеобразовательное учреждение «Средняя общеобразовательная школа-интернат с углубленным изучением отдельных предметов для одаренных детей»  Сабинского муниципального района Республики Татарстан"]
[35,"454004_15808938408_41","муниципальное бюджетное общеобразовательное учреждение \"Евлаштауская  средняя общеобразовательная школа Сабинского муниципального района Республики Татарстан\""," 15808938408","Искандырова","Сабина","Романовна","ж"," 09.01.2008","нет",10,10,68," ",68,100,"участник","нет","Хасанов Минсур Мавлявиевич","муниципальное бюджетное общеобразовательное учреждение \"Евлаштауская  средняя общеобразовательная школа Сабинского муниципального района Республики Татарстан\""]
[36,"454008_14907202454_41","Муниципальное бюджетное общеобразовательное учреждение \"Тимершикская  средняя общеобразовательная школа Сабинского муниципального района Республики Татарстан\"",14907202454,"Шарафиев","Рузаль","Ринатович","м","23.09.2007","нет",10,10,28," ",28,100,"участник","нет","Зарипова Зульфия Фидаиловна","Муниципальное бюджетное общеобразовательное учреждение \"Тимершикская  средняя общеобразовательная школа Сабинского муниципального района Республики Татарстан\""]
[37,"451024_15565418786_41","Муниципальное бюджетное общеобразовательное учреждение Сабинская  средняя общеобразовательная школа Сабинского муниципального района Республики Татарстан\"",15565418786,"Рафикова","Дина ","Ильдусовна","ж","2007-04-04","нет",10,10,90," ",90,100,"победитель","нет","Юсупова Ризаля Зуфаровна","Муниципальное бюджетное общеобразовательное учреждение Сабинская  средняя общеобразовательная школа Сабинского муниципального района Республики Татарстан\""]
[38,"452003_16002987040_41","Муниципальное бюджетное общеобразовательное учреждение \"Шеморданский лицей \"Рост\" Сабинского муниципального района Республики Татарстан\"",16002987040,"Алимов","Ильшат","Нагимович","м","13/06/2006","нет",11,11,53,null,53,100,"участник","да","Емельянова Ляйсан Мазитовна","Муниципальное бюджетное общеобразовательное учреждение \"Шеморданский лицей \"Рост\" Сабинского муниципального района Республики Татарстан\""]
[39,"451001_15826657604_41","Муниципальное бюджетное общеобразовательное учреждение \"Гимназия п.г.т. Богатые Сабы Сабинского муниципального района Республики Татарстан\"",15826657604,"Закирова","Сюмбель","Ильдусовна","ж","30.10.2006","нет",11,11,22," ",22,100,"участник","нет","Хазиева Нурия Гаязовна","Муниципальное бюджетное общеобразовательное учреждение \"Гимназия п.г.т. Богатые Сабы Сабинского муниципального района Республики Татарстан\""]
[40,"454015_15471724570_41","муниципальное бюджетное общеобразовательное учреждение \"Иштуганская  средняя общеобразовательная школа Сабинского муниципального района Республики Татарстан\"",15471724570,"Никитина","Дарья","Вячеславовна","ж","02.04.206","нет",11,11,74," ",74,100,"призер","нет","Мусина Эльвира Муллахтямовна","муниципальное бюджетное общеобразовательное учреждение \"Иштуганская  средняя общеобразовательная школа Сабинского муниципального района Республики Татарстан\""]
[41,"454020_15762571692_41","муниципальное бюджетное общеобразовательное учреждение \"Большекибячинская  средняя общеобразовательная школа Сабинского муниципального района Республики Татарстан\""," 15762571692","Харисова","Диляра","Делюсовна","ж","28.06.2006","нет",11,11,88," ",88,100,"победитель","да","Каримова Ляйсан Рафиловна","муниципальное бюджетное общеобразовательное учреждение \"Большекибячинская  средняя общеобразовательная школа Сабинского муниципального района Республики Татарстан\""]
[42,"451002_15589346718_41","муниципальное бюджетное общеобразовательное учреждение «Средняя общеобразовательная школа-интернат с углубленным изучением отдельных предметов для одаренных детей»  Сабинского муниципального района Республики Татарстан",15589346718,"Закирова","Регина "," Рустамовна","ж","27.04.2006","нет",11,11,85," ",85,100,"призер","да","Гумерова Раушания Рифмировна"," муниципальное бюджетное общеобразовательное учреждение «Средняя общеобразовательная школа-интернат с углубленным изучением отдельных предметов для одаренных детей»  Сабинского муниципального района Республики Татарстан"]
[43,"451002_15589344007_41","муниципальное бюджетное общеобразовательное учреждение «Средняя общеобразовательная школа-интернат с углубленным изучением отдельных предметов для одаренных детей»  Сабинского муниципального района Республики Татарстан",15589344007,"Гайнутдинова ","Алина ","Талгатовна","ж","21.05.2006","нет",11,11,69," ",69,100,"участник","да","Гумерова Раушания Рифмировна"," муниципальное бюджетное общеобразовательное учреждение «Средняя общеобразовательная школа-интернат с углубленным изучением отдельных предметов для одаренных детей»  Сабинского муниципального района Республики Татарстан"]